Gaming Quiz

Random Gaming or Pokémon Quiz

All Fire-Type Pokémon Quiz Stats

 Plays Quiz Updated Sep 20, 2018

Score 0/65 Timer 07:00
1 Play Today
Dex # Pokémon % Correct
#004Charmander
96.7%
#006Charizard/Mega Charizard
95.3%
#005Charmeleon
91.4%
#146Moltres
76.6%
#126Magmar
74.8%
#059Arcanine
72.8%
#058Growlithe
72.7%
#077Ponyta
72.2%
#078Rapidash
70.8%
#037Vulpix
70.2%
#155Cyndaquil
69%
#255Torchic
69%
#038Ninetales
67.1%
#257Blaziken/Mega Blaziken
66.4%
#157Typhlosion
65.3%
#156Quilava
65.1%
#390Chimchar
61.5%
#136Flareon
61.1%
#256Combusken
60.4%
#392Infernape
59.8%
#218Slugma
55.5%
#498Tepig
55%
#240Magby
54.8%
#391Monferno
54.1%
#500Emboar
52.7%
#244Entei
51.3%
#229Houndoom/Mega Houndoom
51.3%
#467Magmortar
50.8%
#250Ho-Oh
50.5%
#228Houndour
49.9%
#219Magcargo
49.4%
#323Camerupt/Mega Camerupt
48%
#322Numel
47.7%
Dex # Pokémon % Correct
#725Litten
47.2%
#609Chandelure
46.3%
#499Pignite
45.9%
#607Litwick
45.4%
#653Fennekin
43.6%
#485Heatran
43.5%
#655Delphox
43.5%
#324Torkoal
42.4%
#637Volcarona
40.2%
#727Incineroar
39.6%
#494Victini
39.1%
#643Reshiram
38.9%
#663Talonflame
38.8%
#608Lampent
38%
#654Braixen
37.5%
#721Volcanion
36.4%
#636Larvesta
35.1%
#726Torracat
35%
#668Pyroar
33.5%
#479Rotom (Heat)
33.4%
#667Litleo
32.8%
#758Salazzle
32.7%
#662Fletchinder
32.6%
#513Pansear
31.9%
#514Simisear
30.9%
#757Salandit
30.9%
#555Darmanitan (Zen Mode)
29.9%
#631Heatmor
29.4%
#554Darumaka
28.3%
#776Turtonator
24.7%
#806Blacephalon
20.3%
#741Oricorio (Baile Style)
19.9%

You're not logged in!

Compare scores with friends on all Sporcle quizzes.
OR
Log In

Sporcle TV

Today on Sporcle TV


Watch our educational content, quiz creation guides, and fun videos on Sporcle TV.

Show Comments

Extras

Top Quizzes Today


Score Distribution

Your Account Isn't Verified!

In order to create a playlist on Sporcle, you need to verify the email address you used during registration. Go to your Sporcle Settings to finish the process.

Report this User

Report this user for behavior that violates our Community Guidelines.

Details: